[Event "RSA-chB (Women)"]
[Site "Cape Town"]
[Date "2019.12.14"]
[Round "6"]
[White "Van Beeck, Trinity"]
[Black "Mackintosh, Michaella"]
[Result "0-1"]
[WhiteElo "1234"]
[BlackElo "1018"]
[PlyCount "90"]
[EventDate "2019.12.07"]
[EventType "tourn"]
[EventRounds "6"]
[EventCountry "RSA"]
[SourceTitle "CBM 193 Extra"]
[Source "ChessBase"]
[SourceDate "2020.01.31"]
[SourceVersion "1"]
[SourceVersionDate "2020.01.31"]
[SourceQuality "1"]

1. e4 d6 2. d4 Nf6 3. Bd3 Nbd7 4. Nf3 e5 5. dxe5 dxe5 6. Nc3 Be7 7. 0-0 c6 8. h3 Qc7 9. Be3 h6 10. Qe2 0-0 11. a3 Nc5 12. Bxc5 Bxc5 13. Rad1 Be6 14. Bc4 Bxc4 15. Qxc4 Bd6 16. Rd2 Rfd8 17. Nh4 Rd7 18. Nf5 Rad8 19. Nb5 cxb5 20. Qxc7 Bxc7 21. Rxd7 Rxd7 22. Ng3 Rd2 23. Rc1 Bb6 24. Kh2 Bxf2 25. Nf1 Re2 26. Ng3 Bxg3+ 27. Kxg3 Rxe4 28. Kf3 b4 29. a4 g5 30. g4 Rf4+ 31. Kg2 h5 32. gxh5 Nxh5 33. Rd1 Rd4 34. Rxd4 exd4 35. Kf3 f5 36. Kf2 Kf7 37. Ke2 Ke6 38. Kd3 Kd5 39. c4+ Ke5 40. b3 f4 41. a5 a6 42. c5 f3 43. c6 bxc6 44. Kc4 Kd6 45. Kd3 Nf4+ 0-1